| 000 | 00962cam a22002653a 4500 | ||
|---|---|---|---|
| 001 | 29021 | ||
| 003 | PGUSA | ||
| 005 | 20140828083628.0 | ||
| 008 | 090601s2009||||xxu|||||s|||||000 | eng d | ||
| 040 |
_aPGUSA _beng |
||
| 042 | _adc | ||
| 050 | 4 | _aPQ | |
| 050 | 4 | _aPZ | |
| 100 | 1 |
_aPerrault, Charles, _d1628-1703 |
|
| 245 | 1 | 4 |
_aThe Fairy Tales of Charles Perrault _h[electronic resource] / _cCharles Perrault |
| 260 |
_bProject Gutenberg, _c2009 |
||
| 505 | 0 | _aLittle Red Riding-hood -- The fairy -- Blue Beard -- The sleeping beauty in the wood -- The master cat: or, Puss-in-Boots -- Cinderilla: or, The little glass slipper -- Riquet with the tuft -- Little Thumb -- The ridiculous wishes -- Donkey-skin. | |
| 506 | _aPublic domain in the USA. | ||
| 516 | _aElectronic text | ||
| 653 | _aFairy tales | ||
| 700 | 1 |
_aClarke, Harry, _d1889-1931 |
|
| 830 | 0 |
_aProject Gutenberg _v29021 |
|
| 856 | 4 | 0 | _uhttp://www.gutenberg.org/ebooks/29021 |
| 942 | _cEB | ||
| 999 |
_c258276 _d258276 |
||